[Event "World Blitz 2023"]
[Site "Samarkand UZB"]
[Date "2023.12.29"]
[EventDate "2023.12.29"]
[Round "10.66"]
[Result "0-1"]
[White "Kanan Garayev"]
[Black "Roman Kezin"]
[WhiteElo "2260"]
[BlackElo "2492"]
[PlyCount "124"]

1. d4 d5 2. c4 e6 3. g3 Nf6 4. Bg2 Be7 5. Nf3 O-O 6. O-O dxc4 7. Qc2 b5 8.
a4 b4 9. Ne5 Qxd4 10. Nxc4 Nd5 11. Rd1 Qc5 12. e4 Nb6 13. b3 Nxc4 14. bxc4
a5 15. Be3 Qh5 16. Nd2 Bb7 17. Nb3 Nc6 18. e5 Qxe5 19. Nd4 Ra6 20. Rab1 Nd8
21. Bf4 Qf6 22. h4 h6 23. Bxb7 Nxb7 24. Bxc7 Rc8 25. Nb5 Rc6 26. Rd7 Nc5
27. Rxe7 Qxe7 28. Bxa5 b3 29. Qc3 Nxa4 30. Qxb3 Rxc4 31. Bd2 Qb7 32. Be3
Nc3 33. Nxc3 Qxb3 34. Rxb3 Rxc3 35. Rb7 R3c7 36. Rb5 Rd7 37. Kg2 f6 38. Rb6
Kf7 39. Ra6 Rc2 40. Kf3 g5 41. h5 Rc8 42. Ra5 Rcd8 43. Ra6 Rd6 44. Ra7+
R6d7 45. Ra6 Rc8 46. Ra5 Rb8 47. Ra6 Rb1 48. Ra8 Rh1 49. g4 f5 50. Kg2 Rh4
51. gxf5 exf5 52. Ra6 Rxh5 53. Bc1 Rh4 54. Bb2 Rg4+ 55. Kf3 Rf4+ 56. Kg3
Rd3+ 57. Kg2 Rd2 58. Ra7+ Kg6 59. Ra6+ Kh5 60. Bg7 Rdxf2+ 61. Kg1 Kg4 62.
Bxh6 Rf1+ 0-1

[Event "World Blitz 2023"]
[Site "Samarkand UZB"]
[Date "2023.12.29"]
[EventDate "2023.12.29"]
[Round "10.67"]
[Result "0-1"]
[White "Jaloliddin Ilkhomi"]
[Black "Sandipan Chanda"]
[WhiteElo "2054"]
[BlackElo "2490"]
[PlyCount "60"]

1. d4 f5 2. Nf3 Nf6 3. c4 g6 4. Nc3 Bg7 5. g3 O-O 6. Bg2 e6 7. Qc2 d5 8.
Bf4 c6 9. Ne5 Nbd7 10. O-O Nxe5 11. Bxe5 Re8 12. b3 Bf8 13. Rad1 Ng4 14.
Bf4 b6 15. f3 Nf6 16. e4 Ba6 17. Rfe1 Rc8 18. Qe2 Bg7 19. Be5 Qd7 20. Bf1
Qf7 21. Qe3 fxe4 22. Bxf6 Qxf6 23. fxe4 e5 24. dxe5 Qxe5 25. Nxd5 cxd5 26.
Rxd5 Qe6 27. Qd2 Bb7 28. Rd6 Qe5 29. Bh3 Qc5+ 30. Kf1 0-1

[Event "World Blitz 2023"]
[Site "Samarkand UZB"]
[Date "2023.12.29"]
[EventDate "2023.12.29"]
[Round "10.68"]
[Result "1-0"]
[White "Faustino Oro"]
[Black "Mohamed Tissir"]
[WhiteElo "2105"]
[BlackElo "2458"]
[PlyCount "134"]

1. e4 c5 2. Nc3 Nc6 3. Bb5 Nd4 4. Bc4 e6 5. Nge2 Nf6 6. O-O Qc7 7. d3 a6 8.
a4 Nc6 9. f4 d6 10. f5 Be7 11. fxe6 Bxe6 12. Nf4 Bxc4 13. dxc4 O-O 14. b3
Ne5 15. Bb2 Rfe8 16. Nfd5 Nxd5 17. Nxd5 Qd8 18. Bxe5 dxe5 19. Qh5 Rf8 20.
Qxe5 Bd6 21. Qh5 Qe8 22. Rae1 Be5 23. Qf5 Rd8 24. Kh1 Rd6 25. Rf3 Rh6 26.
h3 Rg6 27. Ref1 h6 28. Qh5 Rg5 29. Qh4 Bd6 30. Rf5 Bg3 31. Rxg5 Bxh4 32.
Nf6+ Kh8 33. Nxe8 Bxg5 34. Nd6 Bf6 35. Nxb7 Bd4 36. Nd6 f6 37. Nf5 Be5 38.
Rd1 Re8 39. Kg1 h5 40. Kf2 g6 41. Ne3 Bd4 42. Kf3 f5 43. Nd5 fxe4+ 44. Ke2
Rf8 45. Rf1 Re8 46. c3 Be5 47. Ke3 Kg7 48. g4 hxg4 49. hxg4 Rb8 50. Rb1 Re8
51. b4 cxb4 52. cxb4 Bg3 53. c5 Bh4 54. c6 Bg5+ 55. Ke2 Rh8 56. c7 Rh2+ 57.
Kf1 Rh1+ 58. Kg2 Rxb1 59. c8=Q Rb2+ 60. Kf1 Rb1+ 61. Kf2 Bh4+ 62. Ke3 Bg5+
63. Kxe4 Re1+ 64. Kf3 Rf1+ 65. Kg2 Rf7 66. Qxa6 Rd7 67. Qe6 1-0

[Event "World Blitz 2023"]
[Site "Samarkand UZB"]
[Date "2023.12.29"]
[EventDate "2023.12.29"]
[Round "10.69"]
[Result "0-1"]
[White "Tigran K Harutyunyan"]
[Black "Felix Xie"]
[WhiteElo "2407"]
[BlackElo "2107"]
[PlyCount "258"]

1. d4 Nf6 2. Nf3 g6 3. Nc3 d5 4. Bf4 Bg7 5. e3 Nh5 6. Bg5 h6 7. Bh4 O-O 8.
Be2 c5 9. O-O cxd4 10. Nxd4 Nf6 11. a4 Nc6 12. Nb3 a5 13. Qd2 g5 14. Bg3
Ne4 15. Nxe4 dxe4 16. Qxd8 Rxd8 17. c3 Bf5 18. Rfd1 Ne5 19. Bxe5 Bxe5 20.
Rxd8+ Rxd8 21. Nxa5 Rd2 22. Bf1 Be6 23. Nxb7 Rxb2 24. a5 Rxb7 25. a6 Ra7
26. Ra3 Bd6 27. Ra4 f5 28. Bb5 Bc5 29. Ra1 Bd7 30. c4 Kf7 31. Rd1 Ke6 32.
Kf1 Bd6 33. Ke2 Ra8 34. Bxd7+ Kxd7 35. c5 Rxa6 36. cxd6 exd6 37. Rb1 Ke6
38. Rb8 Ra2+ 39. Ke1 h5 40. Rg8 Kf6 41. Rf8+ Kg6 42. Rg8+ Kf6 43. Rf8+ Ke5
44. Re8+ Kf6 45. Rf8+ Ke6 46. Re8+ Kf7 47. Rd8 Ra1+ 48. Ke2 Rg1 49. g3 h4
50. gxh4 gxh4 51. Rh8 Rg4 52. h3 Rg1 53. Rxh4 Kg6 54. Rh8 Rh1 55. h4 d5 56.
Rg8+ Kf6 57. Rh8 Rh3 58. Kf1 Rh1+ 59. Kg2 Ra1 60. Rd8 Ke5 61. h5 Kf6 62.
Rg8 Ra7 63. Kg3 Ke5 64. Kh4 d4 65. Re8+ Kd5 66. Rd8+ Ke5 67. Rxd4 f4 68.
Kg5 fxe3 69. fxe3 Rg7+ 70. Kh6 Rg3 71. Ra4 Rxe3 72. Kg6 Rg3+ 73. Kf7 e3 74.
Ra3 Ke4 75. h6 Rf3+ 76. Kg7 Rg3+ 77. Kf7 Rf3+ 78. Kg7 e2 79. Ra4+ Ke3 80.
Ra3+ Ke4 81. Rxf3 e1=Q 82. Rf6 Qg1+ 83. Rg6 Qa7+ 84. Kh8 Kf5 85. Rg7 Qb8+
86. Kh7 Kf6 87. Rg6+ Kf7 88. Rg7+ Kf6 89. Rg6+ Kf5 90. Rg7 Qf8 91. Rg5+ Kf4
92. Rg6 Qa8 93. Rg7 Kf5 94. Rf7+ Kg5 95. Rg7+ Kh5 96. Rf7 Qe4+ 97. Kg7 Qg6+
98. Kf8 Qxh6+ 99. Rg7 Qf6+ 100. Kg8 Qd8+ 101. Kh7 Qf6 102. Kg8 Qa1 103. Kh7
Qb2 104. Rf7 Kg5 105. Rg7+ Kf6 106. Kg8 Qb8+ 107. Kh7 Qh2+ 108. Kg8 Qa2+
109. Kh7 Qc2+ 110. Kg8 Qc4+ 111. Kh7 Qh4+ 112. Kg8 Qh5 113. Rg1 Qd5+ 114.
Kh8 Qd8+ 115. Rg8 Qd1 116. Rg7 Qh1+ 117. Kg8 Qh5 118. Rg1 Qe8+ 119. Kh7
Qd7+ 120. Kh8 Qc8+ 121. Kh7 Qb7+ 122. Kh6 Qf3 123. Rg6+ Kf7 124. Rg7+ Kf8
125. Rg5 Qh3+ 126. Kg6 Qe6+ 127. Kh5 Kf7 128. Rg4 Qf5+ 129. Rg5 Qh3# 0-1

[Event "World Blitz 2023"]
[Site "Samarkand UZB"]
[Date "2023.12.29"]
[EventDate "2023.12.29"]
[Round "10.70"]
[Result "1-0"]
[White "Miraziz Kuziev"]
[Black "Gallego Alcaraz, Andres Felipe"]
[WhiteElo "2196"]
[BlackElo "2384"]
[PlyCount "140"]

1. d4 Nf6 2. c4 g6 3. Nc3 Bg7 4. e4 d6 5. f3 O-O 6. Be3 a6 7. Qd2 Nc6 8.
Nge2 Na5 9. Nc1 Nd7 10. b4 Nc6 11. Rb1 e5 12. d5 Nd4 13. N1e2 Nxe2 14. Bxe2
f5 15. O-O Nf6 16. c5 Nh5 17. cxd6 cxd6 18. Rfc1 Bd7 19. a4 Bf6 20. b5 f4
21. Bf2 Bh4 22. Qe1 Bxf2+ 23. Qxf2 axb5 24. Bxb5 Nf6 25. Bxd7 Nxd7 26. Rb4
Nc5 27. Qc2 g5 28. Nb5 b6 29. Rcb1 Rf6 30. Na3 g4 31. Nc4 gxf3 32. gxf3
Rg6+ 33. Kh1 Qg5 34. Nxb6 Rf8 35. Nc4 Qh5 36. Qe2 Rf7 37. a5 Kg7 38. Rb6
Rd7 39. a6 Kh6 40. Rb7 Nxb7 41. axb7 Rdg7 42. b8=Q Qh3 43. Qbb2 Rg3 44. Rf1
R7g6 45. Nb6 R3g5 46. Qf2 Qh5 47. Qbe2 Rg7 48. Nc4 R7g6 49. Nb2 Rg3 50. Nd3
Qh3 51. Ne1 R3g5 52. Rg1 Rxg1+ 53. Qxg1 Rxg1+ 54. Kxg1 Qc8 55. Qg2 Qc5+ 56.
Kh1 Qc1 57. Qf2 Kg5 58. h3 h5 59. Kh2 Qa1 60. Ng2 Kg6 61. Nh4+ Kg5 62. Nf5
Kf6 63. Qh4+ Kg6 64. Qf2 Kf6 65. Qg2 Qa7 66. Nxd6 Qb8 67. Nf5 Qa7 68. h4
Qb7 69. Qg5+ Kf7 70. Qg7+ 1-0

[Event "World Blitz 2023"]
[Site "Samarkand UZB"]
[Date "2023.12.29"]
[EventDate "2023.12.29"]
[Round "10.71"]
[Result "1-0"]
[White "Daniyal Sapenov"]
[Black "Danis Kuandykuly"]
[WhiteElo "2289"]
[BlackElo "1718"]
[PlyCount "54"]

1. d4 Nf6 2. Nf3 e6 3. c4 b6 4. a3 Ba6 5. Qc2 Bb7 6. Nc3 c5 7. e4 cxd4 8.
Nxd4 Bc5 9. Nb3 Nc6 10. Nxc5 bxc5 11. Be3 Nd4 12. Bxd4 cxd4 13. Nb5 Qb8 14.
Bd3 e5 15. c5 O-O 16. Nd6 Bc6 17. O-O a5 18. f4 Ng4 19. Rf3 f6 20. Bc4+ Kh8
21. Qe2 Ne3 22. Ba2 Qa7 23. Rh3 h6 24. Rc1 Qa6 25. Rxh6+ gxh6 26. Qh5 Kg7
27. f5 1-0

[Event "World Blitz 2023"]
[Site "Samarkand UZB"]
[Date "2023.12.29"]
[EventDate "2023.12.29"]
[Round "10.72"]
[Result "0-1"]
[White "Ernur Amangeldy"]
[Black "Mergen Kakabayev"]
[WhiteElo "2144"]
[BlackElo "2255"]
[PlyCount "54"]

1. d4 d5 2. Nc3 Nf6 3. Bf4 Bf5 4. e3 e6 5. f3 c5 6. g4 Bg6 7. h4 h5 8. g5
Nfd7 9. Bd3 Bxd3 10. Qxd3 g6 11. Nge2 Nc6 12. O-O a6 13. Nd1 b5 14. c3 Qb6
15. Nf2 Rd8 16. Rad1 e5 17. Bg3 Bg7 18. e4 exd4 19. exd5 Nce5 20. Qe4 O-O
21. cxd4 cxd4 22. Kg2 Nc4 23. Nxd4 Rfe8 24. Qd3 Re3 25. Qc2 Bxd4 26. b3 Rc3
27. Qd2 Nxd2 0-1

[Event "World Blitz 2023"]
[Site "Samarkand UZB"]
[Date "2023.12.29"]
[EventDate "2023.12.29"]
[Round "10.73"]
[Result "0-1"]
[White "Daler Vakhidov"]
[Black "Rojas Salas, Steven"]
[WhiteElo "2110"]
[BlackElo "2210"]
[PlyCount "80"]

1. d4 d5 2. Nf3 Nf6 3. g3 c5 4. Bg2 cxd4 5. O-O h6 6. Bf4 e6 7. Nxd4 g5 8.
Bxb8 Rxb8 9. c4 dxc4 10. Nc3 Bd7 11. Ndb5 Qb6 12. a4 a6 13. a5 Qc5 14. Nd4
Bg7 15. Na4 Qxa5 16. Nc3 Qc7 17. e4 O-O 18. Qe2 Rfd8 19. Rfd1 Ne8 20. Nc2
b5 21. Nb4 Bc8 22. Rxd8 Qxd8 23. Nc6 Qc7 24. Nxb8 Qxb8 25. Rd1 Qc7 26. Qe3
b4 27. Na4 Bd7 28. Nc5 Bb5 29. e5 Qxe5 30. Ne4 Qxb2 31. Bf1 Qe5 32. h4 Bc6
33. hxg5 Qxe4 34. Qxe4 Bxe4 35. gxh6 c3 36. hxg7 c2 37. Re1 b3 38. Bc4 b2
39. Rxe4 c1=Q+ 40. Bf1 b1=Q 0-1

[Event "World Blitz 2023"]
[Site "Samarkand UZB"]
[Date "2023.12.29"]
[EventDate "2023.12.29"]
[Round "10.74"]
[Result "1-0"]
[White "Raymond Song"]
[Black "Roman Shogdzhiev"]
[WhiteElo "2383"]
[BlackElo "2117"]
[PlyCount "138"]

1. d4 d5 2. c4 c6 3. Nc3 Nf6 4. e3 e6 5. Nf3 Nbd7 6. Be2 Be7 7. O-O O-O 8.
b3 b6 9. Bb2 Bb7 10. Bd3 Rc8 11. Re1 Re8 12. Rc1 c5 13. cxd5 Nxd5 14. Ne4
cxd4 15. Nxd4 Rxc1 16. Qxc1 Nc5 17. Nxc5 Bxc5 18. Qb1 h6 19. a3 Qg5 20. Nf3
Qh5 21. h3 Nf6 22. Bxf6 gxf6 23. Be4 Bxe4 24. Qxe4 Rd8 25. b4 Bf8 26. Qb7
a5 27. Qxb6 axb4 28. Qxd8 bxa3 29. Ra1 Kg7 30. Qd3 Qc5 31. Nd4 Qb4 32. Qb3
Qd2 33. Qc2 Qa5 34. g3 Qd5 35. Qb3 Qa5 36. Nc2 Qe5 37. Rxa3 Bxa3 38. Qxa3
Qe4 39. Qc3 Qf3 40. Nd4 Qe4 41. Qc2 Qd5 42. Qe2 h5 43. Qf3 Qa5 44. Kg2 Kg6
45. h4 Qe5 46. Ne2 Kh6 47. Qf4+ Qxf4 48. Nxf4 f5 49. f3 e5 50. Nd3 f6 51.
e4 fxe4 52. fxe4 Kg6 53. Kf3 Kf7 54. g4 Kg6 55. Nf2 Kh6 56. Nh1 Kg6 57. Ng3
hxg4+ 58. Kxg4 Kh6 59. Kf5 Kg7 60. Nh5+ Kf7 61. Nxf6 Ke7 62. Kxe5 Kf7 63.
Kf5 Kg7 64. e5 Kh6 65. e6 Kg7 66. e7 Kh6 67. e8=Q Kg7 68. Qg8+ Kh6 69. Qg5#
1-0

[Event "World Blitz 2023"]
[Site "Samarkand UZB"]
[Date "2023.12.29"]
[EventDate "2023.12.29"]
[Round "10.75"]
[Result "1-0"]
[White "Harold Wanyama"]
[Black "Mustafokhuja Khusenkhojaev"]
[WhiteElo "2228"]
[BlackElo "2082"]
[PlyCount "108"]

1. d4 Nf6 2. c4 g6 3. Nc3 d5 4. Bf4 Bg7 5. e3 c5 6. dxc5 Qa5 7. Qa4+ Qxa4
8. Nxa4 Bd7 9. Nc3 Ne4 10. Nxd5 Na6 11. Rd1 e6 12. Nc7+ Nxc7 13. Bxc7 Bxb2
14. Bd6 Ba3 15. Nf3 Bb4+ 16. Ke2 Nc3+ 17. Kd2 Nxd1+ 18. Kxd1 Rc8 19. Ng5 f6
20. Ne4 Kf7 21. c6 Bxc6 22. Ng5+ fxg5 23. Bxb4 Rhd8+ 24. Ke1 Ba4 25. Be2 b5
26. c5 a5 27. Bxa5 Rxc5 28. Bxd8 Rc1+ 29. Kd2 Rxh1 30. Bxg5 Ra1 31. e4
Rxa2+ 32. Ke3 Rb2 33. Bf4 b4 34. Be5 Rb1 35. Bd3 Rc1 36. f4 b3 37. g4 Rh1
38. f5 gxf5 39. gxf5 exf5 40. exf5 Rc1 41. h4 Bc6 42. Kd2 Rc5 43. Bd4 Ra5
44. Bc3 Ra2+ 45. Ke3 Rh2 46. Bc4+ Ke8 47. f6 Rh3+ 48. Kd2 Rh2+ 49. Ke1 Rh1+
50. Kf2 Rh2+ 51. Kg1 Rh3 52. f7+ Ke7 53. Bb4+ Kd7 54. f8=Q 1-0

[Event "World Blitz 2023"]
[Site "Samarkand UZB"]
[Date "2023.12.29"]
[EventDate "2023.12.29"]
[Round "10.76"]
[Result "1-0"]
[White "Shahruh Turayev"]
[Black "Khalil Nafri"]
[WhiteElo "2168"]
[BlackElo "2151"]
[PlyCount "52"]

1. e4 c5 2. Nc3 Nc6 3. Bb5 Nd4 4. Bc4 g6 5. Nge2 Bg7 6. Nxd4 cxd4 7. Qf3
Nh6 8. d3 O-O 9. Ne2 Ng4 10. Bb3 d6 11. O-O Qb6 12. Qg3 Ne5 13. f4 Nd7 14.
f5 Nc5 15. Bc4 e6 16. f6 Bh8 17. Qh4 Bd7 18. Rf3 e5 19. Ng3 Qd8 20. Bh6 Re8
21. Raf1 Be6 22. Nf5 Bxc4 23. Ne7+ Rxe7 24. fxe7 Qe8 25. dxc4 f6 26. Rxf6
1-0

[Event "World Blitz 2023"]
[Site "Samarkand UZB"]
[Date "2023.12.29"]
[EventDate "2023.12.29"]
[Round "10.77"]
[Result "1/2-1/2"]
[White "Timur Yonal"]
[Black "O`gorman, Tom"]
[WhiteElo "1862"]
[BlackElo "2288"]
[PlyCount "166"]

1. e4 c5 2. Nf3 d6 3. Bb5+ Bd7 4. Bxd7+ Nxd7 5. O-O Ngf6 6. Re1 e6 7. c3
Be7 8. d4 O-O 9. Bf4 cxd4 10. cxd4 d5 11. e5 Ne4 12. Nbd2 Nxd2 13. Qxd2 Qb6
14. Rec1 Rfc8 15. Rc2 Qa6 16. a3 Nb6 17. Rac1 Nc4 18. Qe2 Rc6 19. b3 Nxa3
20. Qxa6 Rxa6 21. Rc7 Bf8 22. Rxb7 Rb6 23. Rxb6 axb6 24. g3 Nb5 25. Rc6 Rb8
26. Kg2 Ba3 27. Bd2 Bb2 28. Be3 Kf8 29. Rc2 Ba3 30. Rc6 Ke7 31. Rc2 Kd7 32.
Kf1 h6 33. Ke2 Bb4 34. Kd3 Ra8 35. Bd2 Be7 36. Bc1 Ra1 37. Nd2 Bg5 38. f4
Be7 39. Nf3 Nc7 40. Kd2 Na6 41. Bb2 Rh1 42. Rc1 Rxc1 43. Bxc1 Kc6 44. Bb2
Kb5 45. Bc3 Nb4 46. Ne1 Na2 47. Nd3 h5 48. h3 g6 49. Kc2 Nxc3 50. Kxc3 Bf8
51. g4 hxg4 52. hxg4 Bh6 53. Kc2 Bf8 54. Kc3 Be7 55. Kc2 g5 56. f5 exf5 57.
gxf5 g4 58. f6 Bf8 59. Nf4 Kc6 60. Kd3 Bh6 61. Nh5 Kd7 62. Ke2 Ke6 63. Kf2
Kf5 64. Ng7+ Kg6 65. Ne8 Bf4 66. Nc7 g3+ 67. Kf3 g2 68. Kxg2 Be3 69. Nxd5
Bxd4 70. Ne7+ Kg5 71. Nc6 Bc3 72. Kf3 Kf5 73. Nd8 Bxe5 74. Nxf7 Bxf6 75.
Nd6+ Ke6 76. Nc4 b5 77. Nd2 Kd5 78. Ke2 Kd4 79. Kd1 Kc3 80. Ne4+ Kxb3 81.
Nxf6 Ka2 82. Nd5 b4 83. Nxb4+ 1/2-1/2

[Event "World Blitz 2023"]
[Site "Samarkand UZB"]
[Date "2023.12.29"]
[EventDate "2023.12.29"]
[Round "10.78"]
[Result "0-1"]
[White "Sergey Sklokin"]
[Black "Nikolay Tregubenko"]
[WhiteElo "1995"]
[BlackElo "1955"]
[PlyCount "194"]

1. e4 c5 2. Nf3 d6 3. c3 Nf6 4. Be2 Nc6 5. d3 e6 6. O-O Be7 7. h3 O-O 8.
Be3 b5 9. Nbd2 a5 10. a3 Rb8 11. Re1 b4 12. axb4 axb4 13. d4 bxc3 14. bxc3
cxd4 15. cxd4 d5 16. e5 Ne4 17. Bd3 Nxd2 18. Bxd2 Nb4 19. Bxb4 Bxb4 20. Rf1
Bd7 21. Qe2 Qb6 22. Rab1 Rfc8 23. h4 Qc7 24. h5 h6 25. Qe3 Be7 26. Rxb8
Qxb8 27. Rb1 Qc7 28. Kh2 f5 29. Qe2 Be8 30. Ne1 Qc3 31. Rb7 Bf8 32. Rb6 Bf7
33. Nf3 Qc7 34. Ra6 Re8 35. Nh4 Qc3 36. Ra4 Rb8 37. Ng6 Bb4 38. Qe3 Qd2 39.
Qxd2 Bxd2 40. Ra7 Bc3 41. Ne7+ Kh7 42. Ra4 Bxh5 43. Ra6 Bf7 44. Nc6 Rc8 45.
Bb5 Be8 46. Kg3 Bxc6 47. Bxc6 Bxd4 48. f4 Rb8 49. Bd7 Rb3+ 50. Kh2 Be3 51.
g3 Rb2+ 52. Kh3 d4 53. Bxe6 g6 54. Ra7+ Kh8 55. Ra8+ Kg7 56. Rd8 Bg1 57.
Rd7+ Kf8 58. g4 fxg4+ 59. Kxg4 Be3 60. Bd5 Rf2 61. Rf7+ Ke8 62. Rf6 d3 63.
Bf7+ Ke7 64. Bxg6 d2 65. Bc2 Rf1 66. Rd6 Rxf4+ 67. Kg3 Rf1 68. Kg2 Rc1 69.
Ba4 Bf4 70. Rd5 Ra1 71. Bb3 Ra3 72. Bd1 Ke6 73. Rd8 Kxe5 74. Bf3 Ra1 75.
Rd5+ Ke6 76. Rd4 Bg5 77. Rd3 Ke5 78. Kg3 Re1 79. Rd5+ Ke6 80. Kg2 Re3 81.
Rxd2 Ra3 82. Re2+ Kf6 83. Bg4 Bf4 84. Re6+ Kg5 85. Bf3 h5 86. Rc6 Ra5 87.
Rc8 Be5 88. Rg8+ Kh6 89. Re8 Bg7 90. Re6+ Kg5 91. Kh3 h4 92. Be4 Bf6 93.
Rc6 Ra3+ 94. Kg2 Ra2+ 95. Kh3 Be5 96. Rg6+ Kh5 97. Rg2 Ra3+ 0-1

[Event "World Blitz 2023"]
[Site "Samarkand UZB"]
[Date "2023.12.29"]
[EventDate "2023.12.29"]
[Round "11.1"]
[Result "1/2-1/2"]
[White "Magnus Carlsen"]
[Black "Sarin Nihal"]
[WhiteElo "2887"]
[BlackElo "2689"]
[PlyCount "70"]

1. e4 c5 2. Nf3 d6 3. d4 cxd4 4. Nxd4 Nf6 5. Nc3 a6 6. Rg1 Nc6 7. g4 g6 8.
g5 Nh5 9. Be3 Bg7 10. Be2 Nxd4 11. Bxd4 Bxd4 12. Qxd4 e5 13. Qb4 Nf4 14.
O-O-O Be6 15. Bg4 Qxg5 16. Bxe6 Nd3+ 17. Kb1 Nxb4 18. Rxg5 fxe6 19. Rxd6
O-O 20. Rg2 Rad8 21. Rb6 Nc6 22. Rxb7 Rd2 23. Rb6 Nd4 24. Rxa6 Rxc2 25. Rb6
Ra8 26. a4 Kf7 27. Rb7+ Kf6 28. Rxh7 Rb8 29. Nb5 Re2 30. Rh6 Nxb5 31.
Rgxg6+ Kf7 32. Rf6+ Kg7 33. Rhg6+ Kh7 34. Rh6+ Kg7 35. Rhg6+ Kh7 1/2-1/2

[Event "World Blitz 2023"]
[Site "Samarkand UZB"]
[Date "2023.12.29"]
[EventDate "2023.12.29"]
[Round "11.3"]
[Result "1-0"]
[White "Vladislav Artemiev"]
[Black "Sanan Sjugirov"]
[WhiteElo "2799"]
[BlackElo "2569"]
[PlyCount "116"]

1. c4 e6 2. g3 d5 3. Bg2 Nf6 4. Nf3 dxc4 5. Qa4+ Bd7 6. Qxc4 c5 7. d4 b5 8.
Qc2 Na6 9. O-O Rc8 10. Qd1 Bc6 11. a3 Be7 12. Nc3 O-O 13. dxc5 Nxc5 14. Be3
a6 15. Rc1 Ba8 16. Qxd8 Rfxd8 17. Ne5 Bxg2 18. Kxg2 Nfd7 19. Nxd7 Nxd7 20.
Ne4 Ne5 21. Bb6 Re8 22. Bc5 Kf8 23. b3 f5 24. Bxe7+ Kxe7 25. Nc5 Rc6 26. b4
a5 27. Rfd1 axb4 28. axb4 Rc7 29. Ra1 Nc6 30. Ra6 Kf7 31. Nd3 Kf6 32. Rc1
Rec8 33. Rb6 Na7 34. Rxc7 Rxc7 35. Nc5 Rc6 36. Rb7 Nc8 37. Nd7+ Kg5 38. h4+
Kh6 39. Rxb5 Ne7 40. Rb6 Rxb6 41. Nxb6 Nc6 42. Nd7 Nxb4 43. Nf8 e5 44. Kf3
Nc6 45. e4 g6 46. Ne6 Ne7 47. Ke3 Nc8 48. f3 Nd6 49. Nc5 Kg7 50. Nd7 Nf7
51. Kd3 h6 52. Kc4 g5 53. h5 g4 54. fxg4 fxe4 55. Kc3 Nd6 56. Kd2 Nc4+ 57.
Ke2 Kf7 58. Nc5 1-0

[Event "World Blitz 2023"]
[Site "Samarkand UZB"]
[Date "2023.12.29"]
[EventDate "2023.12.29"]
[Round "11.4"]
[Result "1-0"]
[White "Vachier-Lagrave, Maxime"]
[Black "R Praggnanandhaa"]
[WhiteElo "2748"]
[BlackElo "2665"]
[PlyCount "128"]

1. e4 e5 2. Nf3 Nc6 3. Bb5 Nge7 4. d4 exd4 5. Nxd4 Nxd4 6. Qxd4 Nc6 7. Qe3
Be7 8. Nc3 O-O 9. O-O Re8 10. Rd1 Bh4 11. g3 Bf6 12. Nd5 a6 13. Bf1 d6 14.
c3 Bg4 15. f3 Be6 16. Qf2 h5 17. h4 Bxd5 18. Rxd5 g6 19. Be3 Qe7 20. Rad1
Ne5 21. a4 a5 22. R5d2 Bg7 23. Bg5 Bf6 24. Be3 Bg7 25. Bg5 Bf6 26. Be3 Kh7
27. Bb5 Red8 28. Be2 Qe6 29. Rd5 Bg7 30. Bg5 Re8 31. Bb5 Rf8 32. Bf4 Qe7
33. Bxe5 Bxe5 34. Bf1 Kg8 35. f4 Bg7 36. Bg2 Rfd8 37. Kh2 b6 38. Qc2 Rab8
39. Qd2 Re8 40. Rd3 Qe6 41. Qc2 Qe7 42. Qb3 Qe6 43. Qb5 Re7 44. Qc6 Rbe8
45. Qb5 Qc8 46. Bf3 Qe6 47. Kg2 Qc8 48. Qc6 Qe6 49. Rd5 Qc8 50. b4 axb4 51.
cxb4 Qa6 52. Ra5 Qc8 53. Ra7 Qe6 54. Qd5 Qf6 55. Qd2 Qe6 56. Qc2 c5 57. Ra6
cxb4 58. Rxb6 Bc3 59. Rdxd6 Qc4 60. e5 Rc7 61. Bd5 Qc5 62. Qxg6+ Kf8 63.
Qh6+ Ke7 64. Qxh5 1-0

[Event "World Blitz 2023"]
[Site "Samarkand UZB"]
[Date "2023.12.29"]
[EventDate "2023.12.29"]
[Round "11.6"]
[Result "0-1"]
[White "Richard Rapport"]
[Black "Alexander Riazantsev"]
[WhiteElo "2748"]
[BlackElo "2621"]
[PlyCount "144"]

1. e4 c5 2. Nf3 e6 3. d3 Nc6 4. g3 d5 5. Qe2 d4 6. e5 b6 7. Bg2 Bb7 8. O-O
Nge7 9. h4 h6 10. Na3 Nd5 11. Nc4 b5 12. Ncd2 Qc7 13. Re1 Be7 14. Nf1 a6
15. N1h2 O-O-O 16. Bd2 Nb6 17. a3 Kb8 18. Rac1 Na4 19. c4 dxc3 20. Bxc3 Qb6
21. Red1 Rd7 22. Be1 Qc7 23. b3 Nb6 24. Bd2 Nd5 25. Rc2 Rc8 26. Rdc1 Qd8
27. Ng4 Na5 28. Rb1 Nc6 29. h5 Nd4 30. Nxd4 cxd4 31. Rxc8+ Qxc8 32. Rc1 Rc7
33. Rxc7 Qxc7 34. b4 Qc2 35. Bf1 Nc3 36. Qe1 Nb1 37. Bf4 Nxa3 38. Nf6 Qc6
39. Ne4 Nc2 40. Qd1 Nxb4 41. Qg4 Bf8 42. Kh2 a5 43. Bd2 a4 44. Qf3 Qc7 45.
Qd1 a3 46. Nd6 Bxd6 47. exd6 Qc6 48. Bh3 Qxd6 49. Qe1 Nd5 50. Bg2 a2 51.
Qa1 Qa3 52. Bxd5 Bxd5 53. Qxd4 Qa7 54. Qf4+ Ka8 55. Bc3 a1=Q 56. Bxa1 Qxa1
57. f3 Qb2+ 58. Kh3 Qf6 59. Qc7 Qxf3 60. Qa5+ Kb8 61. Qxb5+ Bb7 62. Qe5+
Kc8 63. Qc5+ Qc6 64. Qf8+ Kc7 65. Qxf7+ Qd7 66. Qf8 Bc6 67. g4 Kb7 68. Qb4+
Kc8 69. Qc3 Qd5 70. Kg3 Qf3+ 71. Kh4 Qf2+ 72. Kh3 Qg2+ 0-1

[Event "World Blitz 2023"]
[Site "Samarkand UZB"]
[Date "2023.12.29"]
[EventDate "2023.12.29"]
[Round "11.7"]
[Result "1/2-1/2"]
[White "Volodar Murzin"]
[Black "Anish Giri"]
[WhiteElo "2591"]
[BlackElo "2731"]
[PlyCount "84"]

1. d4 d5 2. Nf3 Nf6 3. Bf4 c5 4. e3 Nc6 5. Nbd2 Nh5 6. Be5 e6 7. c3 cxd4 8.
cxd4 Be7 9. Bd3 O-O 10. O-O g6 11. Rc1 Bd7 12. a3 Qb6 13. Qb3 Qxb3 14. Nxb3
f6 15. Bg3 Nxg3 16. hxg3 Rfc8 17. Nc5 Bxc5 18. Rxc5 Ne7 19. Rfc1 Rxc5 20.
Rxc5 Rc8 21. Rxc8+ Nxc8 22. Kf1 Nd6 23. Nd2 Kf7 24. Ke2 e5 25. Nb1 e4 26.
Bc2 Bb5+ 27. Ke1 Ke6 28. Nc3 Bc4 29. Bd1 h5 30. f3 f5 31. Kf2 b6 32. Ba4 g5
33. f4 g4 34. Bc6 Nc8 35. Be8 Nd6 36. Bc6 Nc8 37. Be8 Ke7 38. Bc6 Ke6 39.
Ke1 Kd6 40. Be8 Ke7 41. Bc6 Kd6 42. Be8 Ke7 1/2-1/2

[Event "World Blitz 2023"]
[Site "Samarkand UZB"]
[Date "2023.12.29"]
[EventDate "2023.12.29"]
[Round "11.8"]
[Result "0-1"]
[White "Subramaniyam H Bharath"]
[Black "Shakhriyar Mamedyarov"]
[WhiteElo "2435"]
[BlackElo "2716"]
[PlyCount "66"]

1. e4 e5 2. Nf3 Nc6 3. d4 exd4 4. Nxd4 Qf6 5. Nf3 Bb4+ 6. c3 Bc5 7. Be2
Nge7 8. O-O h6 9. Qc2 d6 10. b4 Bb6 11. Nbd2 Ng6 12. Nc4 Be6 13. a4 Bxc4
14. Bxc4 a5 15. b5 Nce5 16. Nxe5 Nxe5 17. Be2 g5 18. Kh1 g4 19. c4 h5 20.
Bb2 Qf4 21. Bc1 Qf6 22. Bb2 Qg5 23. Rad1 O-O-O 24. Rd5 f6 25. Bc1 Qg6 26.
Ba3 h4 27. c5 dxc5 28. Rfd1 Rxd5 29. Rxd5 g3 30. f4 h3 31. fxe5 hxg2+ 32.
Kxg2 gxh2+ 33. Kf2 Qg1+ 0-1

[Event "World Blitz 2023"]
[Site "Samarkand UZB"]
[Date "2023.12.29"]
[EventDate "2023.12.29"]
[Round "11.9"]
[Result "1-0"]
[White "Alexey Sarana"]
[Black "Shamsiddin Vokhidov"]
[WhiteElo "2707"]
[BlackElo "2588"]
[PlyCount "100"]

1. d4 Nf6 2. c4 e6 3. Nc3 Bb4 4. e3 O-O 5. Bd3 Re8 6. Ne2 d5 7. O-O Nbd7 8.
a3 Bf8 9. b4 a5 10. b5 c5 11. cxd5 exd5 12. dxc5 Nxc5 13. Bc2 Nce4 14. Bb2
Bf5 15. Nxe4 Bxe4 16. Ng3 Bxc2 17. Qxc2 Qb6 18. a4 Ne4 19. Rfd1 Rad8 20.
Nxe4 dxe4 21. Rxd8 Qxd8 22. Rd1 Qc8 23. Qc3 Qg4 24. Qd4 Bc5 25. Qd7 Qxd7
26. Rxd7 b6 27. g4 h6 28. h4 Re7 29. Rd8+ Kh7 30. Kg2 Kg6 31. h5+ Kh7 32.
Kg3 Re6 33. Rd7 Kg8 34. Bd4 Bxd4 35. Rxd4 g5 36. hxg6 fxg6 37. Kf4 Rf6+ 38.
Kxe4 Rxf2 39. Rd6 Kf7 40. Rxb6 Ra2 41. Ke5 Rxa4 42. Rb7+ Ke8 43. b6 Kd8 44.
Rg7 Kc8 45. Rxg6 Rb4 46. Kd5 Kb7 47. Kc5 Rb1 48. Rg7+ Kb8 49. Kc6 Rc1+ 50.
Kb5 1-0

[Event "World Blitz 2023"]
[Site "Samarkand UZB"]
[Date "2023.12.29"]
[EventDate "2023.12.29"]
[Round "11.10"]
[Result "1/2-1/2"]
[White "Peter Svidler"]
[Black "S L Narayanan"]
[WhiteElo "2689"]
[BlackElo "2564"]
[PlyCount "82"]

1. Nf3 c5 2. e4 d6 3. Bb5+ Nd7 4. O-O a6 5. Bd3 Ngf6 6. c3 g6 7. Bc2 Bg7 8.
d4 O-O 9. h3 Qc7 10. Re1 e5 11. dxe5 Nxe5 12. Nxe5 dxe5 13. c4 Be6 14. Qe2
b5 15. Bb3 Rfd8 16. Nc3 bxc4 17. Bxc4 Bxc4 18. Qxc4 Rd4 19. Qe2 h6 20. Be3
Rb4 21. Qc2 c4 22. Rad1 Rab8 23. Bc1 Bf8 24. g3 Bc5 25. Kg2 Bd4 26. Re2 Qb7
27. Nb1 Bxb2 28. Bd2 c3 29. Nxc3 Bxc3 30. Bxc3 Rxe4 31. Rxe4 Nxe4 32. f3
Nxc3 33. Qxc3 e4 34. Rd2 exf3+ 35. Qxf3 Qc7 36. h4 h5 37. Rf2 a5 38. Qd5
Qe7 39. Qxa5 Qe4+ 40. Kh2 Qd4 41. Qd2 Qxd2 1/2-1/2